000
00294nam a2200133Ia 4500
008
100328s9999 xx 000 0 und d
082
_b
63318
100
_a
Martini Steve.
245
_a
The List.
260
_b
Headline books.
630
_a
The List.
730
_a
The List.
942
_c
BOOK
999
_c
549207
_d
549204